Fogo Island map-area, Newfoundland (Record no. 29409)
[ view plain ]
| 000 -LEADER | |
|---|---|
| fixed length control field | 00761cam a22002411 4500 |
| 001 - CONTROL NUMBER | |
| control field | gs 60000006 |
| 003 - CONTROL NUMBER IDENTIFIER | |
| control field | DLC |
| 005 - DATE AND TIME OF LATEST TRANSACTION | |
| control field | 20260227111408.0 |
| 008 - FIXED-LENGTH DATA ELEMENTS--GENERAL INFORMATION | |
| fixed length control field | 721205s1958 xx 000 0 eng |
| 010 ## - LIBRARY OF CONGRESS CONTROL NUMBER | |
| LC control number | gs 60000006 |
| 035 ## - SYSTEM CONTROL NUMBER | |
| System control number | (OCoLC)506690 |
| 040 ## - CATALOGING SOURCE | |
| Original cataloging agency | DLC |
| Transcribing agency | OAkU |
| Modifying agency | DLC |
| 050 00 - LIBRARY OF CONGRESS CALL NUMBER | |
| Classification number | QE185 |
| Item number | .A2 no. 301 |
| 051 ## - LIBRARY OF CONGRESS COPY, ISSUE, OFFPRINT STATEMENT | |
| Classification number | QE199 |
| Item number | .B3 |
| 082 ## - DEWEY DECIMAL CLASSIFICATION NUMBER | |
| Classification number | 557.18 |
| 100 1# - MAIN ENTRY--PERSONAL NAME | |
| Personal name | Baird, David McCurdy, |
| Dates associated with a name | 1920- |
| 245 10 - TITLE STATEMENT | |
| Title | Fogo Island map-area, Newfoundland |
| Remainder of title | (2E/9, mainly) |
| 260 ## - PUBLICATION, DISTRIBUTION, ETC. | |
| Place of publication, distribution, etc. | Ottawa, |
| Name of publisher, distributor, etc. | E. Cloutier, Queen's Printer, |
| Date of publication, distribution, etc. | 1958. |
| 300 ## - PHYSICAL DESCRIPTION | |
| Extent | 43 p. |
| Other physical details | illus., fold. col. map (in pocket) tables. |
| Dimensions | 25 cm. |
| 410 20 - SERIES STATEMENT/ADDED ENTRY--CORPORATE NAME [OBSOLETE, CAN/MARC], [LOCAL, USA] | |
| Corporate name or jurisdiction name as entry element | Geological Survey of Canada. |
| Title of a work | Memoir |
| Volume number/sequential designation | 301 |
| 504 ## - BIBLIOGRAPHY, ETC. NOTE | |
| Bibliography, etc. note | Bibliography: p. 43. |
| 650 #0 - SUBJECT ADDED ENTRY--TOPICAL TERM | |
| Topical term or geographic name entry element | Geology |
| Geographic subdivision | Newfoundland and Labrador |
| -- | Fogo Island. |
No items available.